Latin Mythology Quiz Stats

 Plays Quiz not verified by Sporcle

Score 0/31 Timer 07:00
0 Plays Today
Mythology Mythology % Correct
God of War; son of Zeus and HeraAres
78.2%
Goddess of Love and Beauty; daughter of Zeus and DioneAphrodite
77.6%
Zeus's brother; Lord of the Underworld; also called 'The God of Wealth'Hades
77.2%
Zeus's brother; Lord of the Sea; called 'Earth Shaker'Poseidon
76.2%
Zeus's wife and sister; protector of marriageHera
76.1%
he dethroned Cronus and brought in the Golden Age: king of the godsZeus
76%
he bore the world on his shouldersAtlas
75.2%
parents are Zeus and Maia; Zeus's Messanger; Master ThiefHermes
74.6%
had one eye; giganticCyclops
74%
Daughter of Zeus; no mother; battle goddess; protector of civlized life; inventor of the bridleAthena
72.8%
Apollo's twin sister; maiden goddess of Olympus; Lady of Wild ThingsArtemis
71.4%
God of Wine; son of Zeus and SemeleDionysus
71.4%
place where all gods liveOlympus
70.1%
God of Fire: son of Zeus and Hera; uglyHephaestus
65.3%
Goddess of Corn; daughter of Cronus and RheaDemeter
62.1%
Zeus's sister; virgin goddess; Goddess of the HearthHestia
58.8%
Mythology Mythology % Correct
son of Zeus and Leto; master musician; also called DelianApollo
57.5%
ruler of all titansCronus
53.5%
savior of mankindPrometheus
42.8%
maiden of the springPersephone
39.6%
Name means 'gift of all'Pandora
35.7%
Mother EarthGaea
32.5%
river that was supposed to encircle the earthOcean
17.9%
name means MemoryMnemosyne
15.8%
Father HeavenOuranos
15%
father of the sun, moon, and the dawnHyperion
12.1%
wife of OceanTethys
10.8%
monster with a hundred headsTyphon
8.8%
translated by justiceThemis
5.5%
Unfriendly SeaAxine
3.5%
Friendly SeaEuxine
3.4%

You're not logged in!

Compare scores with friends on all Sporcle quizzes.
OR
Log In

Show Comments

Extras

Top Quizzes Today


Score Distribution

Your Account Isn't Verified!

In order to create a playlist on Sporcle, you need to verify the email address you used during registration. Go to your Sporcle Settings to finish the process.

Report this User

Report this user for behavior that violates our Community Guidelines.

Details: